000 00708cam a22002413a 4500
001 23597
003 PGUSA
005 20140828083513.0
008 071123s2007||||xxu|||||s|||||000 p eng d
040 _aPGUSA
_beng
042 _adc
050 4 _aPR
100 1 _aTennyson, Alfred Tennyson, Baron,
_d1809-1892
245 1 0 _aBeauties of Tennyson
_h[electronic resource] /
_cAlfred Tennyson, Baron Tennyson
260 _bProject Gutenberg,
_c2007
506 _aPublic domain in the USA.
516 _aElectronic text
653 _aEnglish poetry -- 19th century
700 1 _aSchell, Frederic B.
830 0 _aProject Gutenberg
_v23597
856 4 0 _uhttp://www.gutenberg.org/ebooks/23597
942 _cEB
999 _c252852
_d252852